| 000 | 00440nam a22001697a 4500 | ||
|---|---|---|---|
| 003 | CEME | ||
| 005 | 20210628201829.0 | ||
| 008 | 210222b xxu||||| |||| 00| 0 eng d | ||
| 020 | _a0-471-54852-9 | ||
| 040 | _c. | ||
| 082 | _a620.106 FOX | ||
| 100 |
_aFox, Robert.W Mcdonald, Alan.T _957005 |
||
| 245 | _aIntroduction to fluid mechanics | ||
| 260 |
_aNEW YORK _bJOHN WILEY _c1992 |
||
| 650 |
_aFLUID MECHNAICS _957006 |
||
| 942 |
_cBK _2ddc |
||
| 999 |
_c567322 _d567322 |
||